书目信息 |
| 书名: | The power of positive thinking | |
| 作者: | Norman Vincent Peale | |
| 分册号: | ||
| 分册名: | 出版地: | New York : |
|
| 出版社: | FAWCETT CREST | |
| 出版时间: | c1956. | |
| 页数: | xv, 223 p. ; | |
| 开本: | 25 cm. | |
| 丛书名: | ||
| 中图分类号: | ||
| 科图分类号: | ||
| 其他分类号: | B978 | |
| 主题词: | ||
| 电子资源: | ||
| 000 | 00807nam 2200241 a 4500 | |
| 001 | E0733742521 | |
| 005 | 20070518092744.01 | |
| 008 | 870707s1956 nyu 00010 eng | |
| 008 | uu | |
| 010 | @a87018716 //r89 | |
| 020 | @a0-449-21493-1 :@cUSD13.95. | |
| 049 | @aN5LA | |
| 050 | 0 | @aBV4908.5 @b.P42 1987 |
| 082 | 0 | @a248.4 @219 |
| 090 | @aB978 | |
| 099 | @dB978@ex31 | |
| 100 | 10 | @aPeale, Norman Vincent, @d1898- |
| 245 | 14 | @aThe power of positive thinking / @cNorman Vincent Peale |
| 260 | 0 | @aNew York :@bFAWCETT CREST,@cc1956. |
| 300 | @axv, 223 p. ;@c25 cm. | |
| 500 | @a11th printing: February 1990 | |
| 650 | 0 | @aPeace of mind @xReligious aspects @xChristianity. |
| 650 | 0 | @aSuccess @xReligious aspects @xChristianity. @b00 @c20020930 @lNLC09 @h2250 @lNLC09 @h2341 @lNLC09 @h1933 |
| The power of positive thinking / / Norman Vincent Peale.-New York : : FAWCETT CREST, , c1956. |
| xv, 223 p. ; ; 25 cm. |
| 11th printing: February 1990 |
| ISBN 0-449-21493-1 :USD13.95. |
| ● |
| 相关链接 |
|
|
|
|
正题名:power of positive thinking
索取号:B978/x31
 
预约/预借
| 序号 | 登录号 | 条形码 | 馆藏地/架位号 | 状态 | 备注 |
| 1 | 0009789 | 300097892 | 第二样本阅览室/ [索取号:B978/x31] | 在馆 |